|
|
|
|
| LEADER |
00000nam a2200000 a 4500 |
| 001 |
UCJ0009 |
| 003 |
CL-VaPUC |
| 008 |
060623e20030000SP |||||||||||||||||spa|d |
| 020 |
|
|
|a 8428325693
|
| 082 |
0 |
4 |
|a 668.41
|b RIC
|2 21
|
| 100 |
0 |
|
|a Richardson, Erick
|e author
|9 500030
|
| 700 |
0 |
|
|a Lokensgard, Terry L
|e author
|9 500031
|
| 245 |
1 |
0 |
|a Industria del plástico: plástico industrial
|
| 300 |
|
|
|a 584 p
|
| 942 |
|
|
|c BK
|
| 945 |
|
|
|d 20060623 00:00:00
|a jtorresc
|
| 260 |
|
|
|a Madrid
|b Paraninfo
|c 2003
|
| 650 |
|
7 |
|a INDUSTRIA DEL PLASTICO
|2 CL-VaPUC
|9 500032
|
| 650 |
|
0 |
|a Plásticos
|9 267415
|
| 650 |
|
0 |
|a Tecnología química
|9 263002
|
| 650 |
|
7 |
|a TRANSFORMACIONES DEL PLASTICO
|2 CL-VaPUC
|9 500033
|
| 650 |
|
0 |
|a Análisis de mercado
|9 260838
|
| 650 |
|
7 |
|a PROPIEDADES TERMODINAMICAS
|2 CL-VaPUC
|9 357585
|
| 583 |
|
|
|a last modification
|c 20130305 12:29:07
|k Rodrigo Vera
|
| 999 |
|
|
|c 317006
|d 317004
|
| 952 |
|
|
|0 0
|1 0
|4 0
|6 668_410000000000000_RIC_2003
|7 0
|8 A
|9 392669
|a BIBING
|b BIBING
|d 2019-11-22
|i 4239970
|l 2
|m 3
|o 668.41 RIC 2003
|p 4239970
|r 2025-01-20
|s 2023-11-13
|w 2019-11-22
|y BK
|k EIQ
|